000 00288nam a2200133Ia 4500
100 _aTimoshenko /S./ Young/D.H.
942 _cBK
654 _aEngg.Mechanics
245 _aEngineering Mechanics
260 _bMcGraw Hill
_aNew York
300 _a478
546 _aENGLISH
999 _c29052
_d29052